[Event "Turkish Super League 2019"]
[Site "Konya"]
[Date "2019.07.18"]
[Round "2"]
[White "Esen, Baris"]
[Black "Saric, Ivan"]
[Result "1-0"]
[WhiteElo "2478"]
[BlackElo "2681"]
[Annotator "RC"]
[PlyCount "215"]
[EventDate "2019.07.17"]
[EventType "team-tourn"]
[EventCountry "TUR"]
[SourceTitle "playchess.com"]
[Source "ChessBase"]
[SourceQuality "1"]
[TimeControl "40/5400+30:1800+30"]

1. Nf3 c5 2. c4 Nc6 3. d4 cxd4 4. Nxd4 Qb6 5. Nc2 e6 6. e3 Nf6 7. Nc3 d5 8. cxd5 exd5 9. Be2 Bf5 10. O-O Rd8 11. b3 Bd6 12. Bb2 Bb8 13. Nb5 Ne4 14. Rc1 O-O 15. Ncd4 Nxd4 16. Nxd4 Qh6 17. g3 Bh3 18. Re1 f5 19. Bf1 f4 20. exf4 Bxf4 21. Bxh3 Qxh3 22. Rc2 Be5 23. f3 Bxd4+ 24. Qxd4 Nf6 25. Qxa7 Nh5 26. Qe3 Rd6 27. Ba3 Rg6 28. Qe7 Ra8 29. Bd6 h6 {[%emt 1:43:59]} 30. Qxb7 {[%emt 1:42:45]} Rd8 {[%emt 0:00:30]} 31. Bc7 {[%emt 0:00:30]} Rd7 {[%emt 0:00:00]} 32. Qc8+ {[%emt 0:00:00]} Kh7 {[%emt 0:00:00]} 33. Re8 {[%emt 0:00:00]} Re6 {[%emt 0:00:00]} 34. Qxd7 {[%emt 0:00:00]} Re1+ {[%emt 0:00:00]} 35. Rxe1 {[%emt 0:00:00]} Qxd7 {[%emt 0:00:00]} 36. Be5 {[%emt 0:00:00]} Qf5 {[%emt 0:00:00]} 37. Rf2 {[%emt 0:00:00]} Qe6 {[%emt 0:00:00]} 38. Rfe2 {[%emt 0:00:00]} Nf6 {[%emt 0:00:00]} 39. Bxf6 {[%emt 0:00:00]} Qxf6 {[%emt 0:00:00]} 40. Kg2 {[%emt 0:00:00]} Qc3 {[%emt 0:00:00]} 41. Rd1 {[%emt 0:06:15]} d4 {[%emt 0:07:01]} 42. Red2 {[%emt 0:04:30]} Qe3 {[%emt 0:00:30]} 43. b4 {[%emt 0:03:30]} g5 {[%emt 0:00:30]} 44. Rd3 {[%emt 0:04:30]} Qe2+ {[%emt 0:00:30]} 45. Kg1 {[%emt 0:00:30]} Qxa2 {[%emt 0:03:30]} 46. Rxd4 {[%emt 0:00:50]} Qe2 {[%emt 0:00:30]} 47. Rd7+ {[%emt 0:02:02]} Kg8 {[%emt 0:00:30]} 48. R7d3 {[%emt 0:04:25]} Qb2 {[%emt 0:00:00]} 49. R1d2 {[%emt 0:05:26]} Qxb4 {[%emt 0:01:00]} 50. Rd7 {[%emt 0:00:04]} h5 {[%emt 0:02:30]} 51. Re2 {[%emt 0:02:47]} Kf8 {[%emt 0:00:30]} 52. Rd5 {[%emt 0:00:57]} Qb1+ {[%emt 0:01:30]} 53. Kg2 {[%emt 0:00:44]} Qc1 {[%emt 0:02:30]} 54. Rd4 {[%emt 0:03:22]} Qc3 {[%emt 0:03:37]} 55. Rd5 {[%emt 0:02:43]} Qc1 {[%emt 0:01:01]} 56. h4 {[%emt 0:00:24]} gxh4 {[%emt 0:01:07]} 57. gxh4 {[%emt 0:00:45]} Qc4 {[%emt 0:01:15]} 58. Rf5+ {[%emt 0:00:11]} Kg7 {[%emt 0:00:00]} 59. Re4 {[%emt 0:00:15]} Qc2+ {[%emt 0:06:06]} 60. Kg3 {[%emt 0:00:05]} Qc7+ {[%emt 0:01:40]} 61. Ree5 {[%emt 0:00:48]} Qc1 {[%emt 0:00:14]} 62. Rxh5 {[%emt 0:02:15]} Qg1+ {[%emt 0:00:04]} 63. Kf4 {[%emt 0:00:00]} Qh2+ {[%emt 0:01:39]} 64. Kf5 {[%emt 0:00:02]} Qf2 {[%emt 0:00:32]} 65. Kf4 {[%emt 0:01:12]} Qh2+ {[%emt 0:00:30]} 66. Kf5 {[%emt 0:00:30]} Qf2 {[%emt 0:00:00]} 67. Rg5+ {[%emt 0:00:26]} Kf7 {[%emt 0:00:34]} 68. Kg4 {[%emt 0:00:40]} Qg2+ {[%emt 0:00:14]} 69. Kf4 {[%emt 0:00:21]} Qh3 {[%emt 0:04:45]} 70. Ref5+ {[%emt 0:00:35]} Ke7 {[%emt 0:01:07]} 71. Rg4 {[%emt 0:00:11]} Qh2+ {[%emt 0:00:25]} 72. Kg5 {[%emt 0:00:30]} Qd2+ {[%emt 0:00:30]} 73. Kg6 {[%emt 0:00:07]} Qd6+ {[%emt 0:00:00]} 74. Kg7 {[%emt 0:00:13]} Qd3 {[%emt 0:00:14]} 75. Re4+ {[%emt 0:00:33]} Kd8 {[%emt 0:00:31]} 76. h5 {[%emt 0:00:27]} Qc3+ {[%emt 0:00:21]} 77. Rf6 {[%emt 0:00:55]} Qc7+ {[%emt 0:00:18]} 78. Kg6 {[%emt 0:00:36]} Qg3+ {[%emt 0:00:53]} 79. Rg4 {[%emt 0:00:06]} Qe5 {[%emt 0:00:10]} 80. h6 {[%emt 0:01:27]} Qe8+ {[%emt 0:00:36]} 81. Rf7 {[%emt 0:00:28]} Qg8+ {[%emt 0:00:04]} 82. Kf6 {[%emt 0:00:46]} Qh8+ {[%emt 0:00:30]} 83. Kf5 {[%emt 0:00:00]} Ke8 {[%emt 0:00:00]} 84. Rf6 {[%emt 0:01:03]} Qh7+ {[%emt 0:00:14]} 85. Kg5 {[%emt 0:00:05]} Qg8+ {[%emt 0:01:14]} 86. Kh4 {[%emt 0:00:09]} Qa2 {[%emt 0:00:00]} 87. Re4+ {[%emt 0:00:28]} Kd7 {[%emt 0:00:02]} 88. Kg5 {[%emt 0:00:30]} Qd5+ {[%emt 0:01:11]} 89. Kg6 {[%emt 0:00:17]} Qg8+ {[%emt 0:00:06]} 90. Kh5 {[%emt 0:00:03]} Qd5+ {[%emt 0:00:00]} 91. Kg4 {[%emt 0:00:35]} Qg8+ {[%emt 0:00:19]} 92. Kf4 {[%emt 0:00:13]} Qa2 {[%emt 0:01:46]} 93. Rfe6 {[%emt 0:01:57]} Qh2+ {[%emt 0:00:41]} 94. Kg5 {[%emt 0:00:15]} Qg2+ {[%emt 0:02:28]} 95. Kf6 {[%emt 0:00:30]} Qxf3+ {[%emt 0:00:30]} 96. Kg7 {[%emt 0:00:08]} Qg2+ {[%emt 0:00:05]} 97. Kh8 {[%emt 0:00:00]} Qf3 {[%emt 0:00:45]} 98. Re7+ {[%emt 0:00:00]} Kd8 {[%emt 0:00:53]} 99. Re8+ {[%emt 0:00:15]} Kd7 {[%emt 0:00:00]} 100. R4e7+ {[%emt 0:00:41]} Kd6 {[%emt 0:00:00]} 101. Rg7 {[%emt 0:01:02]} Qc3 {[%emt 0:02:48]} 102. h7 {[%emt 0:00:42]} Qb3 {[%emt 0:00:20]} 103. Ra8 {[%emt 0:00:19]} Ke6 {[%emt 0:00:20]} 104. Ra6+ {[%emt 0:01:40]} Kf5 {[%emt 0:00:05]} 105. Ra8 {[%emt 0:00:02]} Qb4 {[%emt 0:01:03]} 106. Kg8 {[%emt 0:00:46]} Qc4+ {[%emt 0:00:02]} 107. Rf7+ {[%emt 0:00:43]} Kg6 {[%emt 0:00:05]} 108. Raf8 {[%emt 0:00:06]} 1-0

[Event "Turkish Super League 2019"]
[Site "Konya"]
[Date "2019.07.18"]
[Round "2"]
[White "Atalik, Ekaterina"]
[Black "Szczepkowska, Karina"]
[Result "1-0"]
[WhiteElo "2459"]
[BlackElo "2425"]
[Annotator "TA"]
[PlyCount "119"]
[EventDate "2019.07.17"]
[EventType "team-tourn"]
[EventCountry "TUR"]
[SourceTitle "playchess.com"]
[Source "ChessBase"]
[SourceQuality "1"]

{[%evp 14,119,-2,-6,0,-6,0,-9,-6,-27,9,-17,0,0,0,0,0,0,0,1,27,17,36,8,50,36,42,37,37,45,61,61,68,54,74,63,65,60,64,65,60,61,70,60,55,41,64,60,81,47,40,42,52,55,66,18,15,15,65,72,72,63,108,111,133,113,128,108,112,107,106,108,108,107,110,106,115,91,91,91,91,91,91,91,114,90,118,90,108,108,246,232,224,224,331,105,343,331,331,331,8675,8675,5189,4291,29971,29968,29983,29984]} 1. d4 Nf6 2. c4 e6 3. Nc3 Bb4 4. e3 O-O 5. Bd3 d5 6. cxd5 exd5 7. Nge2 Re8 8. O-O b6 {E48: Nimzo-Indian: Rubinstein: 5 Bd3 d5 including 6 Ne2, but excluding 6 a3} (8... Bd6 9. Bd2 Nbd7 10. Rc1 a6 11. Ng3 Nf8 12. Nce2 Ne4 13. Be1 c6 14. a4 Nxg3 15. Nxg3 a5 16. Qb3 g6 {½-½ (50) Yu,Y (2765)-Leko,P (2690) Porto Carras 2018}) 9. Ng3 Bb7 10. Bd2 Bf8 {The position is equal.} 11. Rc1 a6 $146 ({Predecessor:} 11... c5 12. Nh5 Nbd7 13. Nf4 Bd6 14. Qf3 Ne4 15. Be1 cxd4 16. exd4 {1-0 (58) Pastar,S (2262)-Batsuren,D (2321) Novi Sad 2018}) 12. a3 c5 13. dxc5 bxc5 14. Nce2 Nbd7 15. Bc3 Ne5 16. Bc2 Bc6 17. Nf4 Rb8 18. Ba4 {Bxe5 is the strong threat.} Qd7 19. Bxc6 Qxc6 20. Bxe5 Rxe5 21. Nd3 Ree8 {[#]} 22. Nxc5 $1 {[%mdl 512]} Bxc5 23. b4 Rb5 24. Qd3 Nd7 25. bxc5 Rxc5 26. Rxc5 Nxc5 27. Qc3 {Hoping for Rc1.} Qb6 28. Nf5 {[%csl Gf5][%cal Rc3g7]} Ne6 29. Rd1 Rd8 30. h3 Qb5 31. Rc1 h6 32. Nd4 Nxd4 33. Qxd4 $14 {[%mdl 4096] Endgame KQR-KQR} Qb3 34. Rc3 Qb1+ 35. Kh2 Qb8+ 36. g3 Rd6 37. Kg2 Rd8 38. Rd3 f5 39. Rc3 Qd6 40. Rc5 Kh7 41. Ra5 Qe6 42. Qd3 Rd6 {[#]} 43. Ra4 $1 h5 44. Rb4 Rd7 45. Qd1 g6 46. Qd4 Qe4+ 47. Qxe4 dxe4 $16 {KR-KR} 48. Rb6 Rd2 49. Rxa6 Ra2 50. a4 Kg7 51. a5 Kh7 (51... g5 $16 52. h4 f4) 52. Ra8 Kg7 53. a6 Kh7 (53... Ra1 $142 54. g4 h4 55. gxf5 gxf5) 54. a7 $2 (54. g4 $18) 54... Kg7 $2 (54... Ra1 $16 {was called for.} 55. g4 fxg4 56. hxg4 hxg4) 55. g4 hxg4 56. hxg4 f4 $2 (56... Ra1 57. gxf5 gxf5) 57. exf4 $18 e3 58. Kf1 Rxf2+ 59. Ke1 Rxf4 60. Rb8 {Accuracy: White = 69%, Black = 34%.} 1-0

[Event "Turkish Super League 2019"]
[Site "Konya"]
[Date "2019.07.18"]
[Round "2"]
[White "Haznedaroglu, Kivanc"]
[Black "Sarana, Alexey"]
[Result "1/2-1/2"]
[WhiteElo "2448"]
[BlackElo "2640"]
[Annotator "TA"]
[PlyCount "98"]
[EventDate "2019.07.17"]
[EventType "team-tourn"]
[EventCountry "TUR"]
[SourceTitle "playchess.com"]
[Source "ChessBase"]
[SourceQuality "1"]

{[%evp 14,98,18,-5,27,0,20,10,20,19,63,46,47,34,41,-40,0,0,16,12,4,15,20,9,0,0,0,21,15,9,24,0,0,0,0,0,0,0,8,0,0,0,42,-12,-12,-11,-14,-10,0,0,0,-14,-9,-12,-19,-24,-12,-15,-32,-58,-18,-108,-8,-8,-8,-8,-8,-8,-13,-8,0,0,0,0,0,0,0,0,0,0,0,0,0,0,0,0,0]} 1. e4 c5 2. Nf3 d6 3. d4 cxd4 4. Nxd4 Nf6 5. Nc3 a6 6. Bc4 e6 7. Bb3 b5 {[%cal Bb7b5,Bb5b4][%mdl 32]} 8. Bg5 h6 {B87: Sicilian Scheveningen/Najdorf: 6 Bc4, with early ...b5} (8... Be7 9. Qf3 Qc7 10. e5 Bb7 11. exd6 Bxd6 12. Qe3 Bc5 13. O-O-O Nc6 14. Bxf6 gxf6 15. Nd5 Qe5 16. Qxe5 Nxe5 17. Nc7+ Ke7 18. Nxa8 Bxg2 {½-½ (28) Radjabov,T (2710)-Topalov,V (2741) Shamkir 2017}) 9. Bh4 (9. Bxf6 $5 Qxf6 10. O-O $14) 9... b4 10. Bxf6 $146 ({Predecessor:} 10. Na4 g5 11. Bg3 Nxe4 12. Qf3 Bb7 13. O-O-O g4 14. Qe2 Nd7 15. Bxe6 fxe6 16. Nxe6 {0-1 (24) Soukos,K (2190)-Potapov,A (2505) Nikea 2001}) 10... Qxf6 11. Na4 {Black must now prevent Nb6.} Nd7 12. Qd2 Be7 13. O-O-O Bb7 14. f4 ({White should play} 14. Qxb4 $14 Rb8 15. Qd2) 14... O-O 15. Rhe1 Rfd8 16. f5 {[%cal Rf5e6]} e5 $1 {[%cal Re5d4]} 17. Nf3 $1 (17. Qxb4 $2 Bxe4 18. Qd2 (18. Rxe4 $2 d5 $19 {[%mdl 64] Discovered Attack}) 18... d5 $19) 17... d5 18. Bxd5 Bxd5 19. exd5 Qxf5 20. d6 Bg5 21. Nxg5 Qxg5 22. Qxg5 (22. Re4 {is more complex.} Rab8 23. Rc4 f5 24. Rc7 e4 25. g3) 22... hxg5 23. Re4 Rab8 24. Rc4 f5 25. Rc7 e4 26. Nc5 Nxc5 27. Rxc5 $11 {[%mdl 4096] Endgame KRR-KRR} g6 {[#]} 28. d7 (28. g4 $1 $14 {[%mdl 512]}) 28... Kf7 29. g4 Rb5 30. Rc6 $1 f4 31. Rdd6 $1 Re5 32. Kd1 e3 33. Ke1 $1 Ke7 34. Rxg6 Rxd7 35. Rxa6 Kf8 36. Raf6+ Rf7 {aiming for ...f3.} 37. Rb6 {[#]} (37. Ra6 $1 $11) 37... Rh7 (37... Rd5 $1 $17 38. Rb8+ (38. Rxb4 $2 Rd8 $17) 38... Ke7 39. Rb7+ (39. Rxb4 $2 f3 $19) 39... Kf8 40. Rb8+ (40. Rxb4 $2 f3 $19) 40... Ke7 41. Rb7+ (41. Rxb4 $2 f3 $19) 41... Kf8 42. Rb8+ (42. Rxb4 $2 f3 $19)) 38. Rgf6+ $1 {The position is equal.} Ke7 39. Rxf4 $1 gxf4 40. Rb7+ Kf6 41. Rxh7 {And now Rh5 would win. KR-KR} Kg6 42. Rh8 $1 Rc5 43. h4 Rxc2 {...f3 is the strong threat.} 44. Rf8 Rf2 45. Rf5 Kg7 46. h5 Kh6 47. b3 f3 48. Re5 Re2+ 49. Kf1 Rf2+ {Accuracy: White = 67%, Black = 66%.} 1/2-1/2

[Event "Turkish Super League 2019"]
[Site "Konya"]
[Date "2019.07.18"]
[Round "2"]
[White "Daulyte-Cornette, Deimante"]
[Black "Dordzhieva, Dinara"]
[Result "1-0"]
[WhiteElo "2444"]
[BlackElo "2306"]
[Annotator "NA"]
[PlyCount "47"]
[EventDate "2019.07.17"]
[EventType "team-tourn"]
[EventCountry "TUR"]
[SourceTitle "playchess.com"]
[Source "ChessBase"]
[SourceQuality "1"]
[TimeControl "40/5400+30:1800+30"]

1. e4 {[%emt 0:00:30]} c5 {[%emt 0:00:30]} 2. Nf3 {[%emt 0:00:00]} d6 {[%emt 0:00:30]} 3. Bb5+ {[%emt 0:00:00]} Nd7 {[%emt 0:00:00]} 4. d4 {[%emt 0:00:30]} Ngf6 {[%emt 0:00:00]} 5. O-O {[%emt 0:00:30]} a6 {[%emt 0:03:30]} 6. Bxd7+ {[%emt 0:04:30]} Nxd7 {[%emt 0:00:00]} 7. Bg5 {[%emt 0:04:30]} Qc7 {[%emt 0:14:00]} 8. Nc3 {[%emt 0:03:30]} e6 {[%emt 0:00:00]} 9. Re1 {[%emt 0:01:30]} f6 $16 {[%emt 0:09:00]} (9... cxd4 $1 $11 {keeps the balance.} 10. Qxd4 (10. Nxd4 Ne5 $11) 10... f6) 10. Bh4 {[%emt 0:05:30]} Be7 {[%emt 0:30:30]} 11. e5 {[%emt 0:05:30]} cxd4 {[%emt 0:04:30]} 12. exd6 {[%emt 0:05:30]} Qxd6 {[%emt 0:00:30]} 13. Nxd4 {[%emt 0:00:30]} e5 {[%emt 0:05:30]} 14. Nf5 {[%emt 0:04:30]} Qxd1 {[%emt 0:00:30]} 15. Raxd1 {[%emt 0:00:00]} g5 {[%emt 0:00:30]} 16. Nd5 {[%emt 0:10:00]} Bd8 {[%emt 0:02:30]} 17. Nd6+ {[%emt 0:04:30]} Kf8 {[%emt 0:00:00]} 18. Bg3 {[%emt 0:00:30]} Nc5 {[%emt 0:08:47]} 19. f3 {[%emt 0:08:30]} Be7 {[%emt 0:03:55]} 20. Nb6 {[%emt 0:02:30]} Bxd6 {[%emt 0:03:19]} 21. Rxd6 {[%emt 0:00:00]} Ke7 {[%emt 0:00:58]} 22. Rd5 {[%emt 0:03:00]} Rb8 {[%emt 0:01:37]} 23. Rxc5 {[%emt 0:00:30]} Be6 {[%emt 0:00:00]} 24. Bxe5 {[%emt 0:00:30]} 1-0

[Event "Turkish Super League 2019"]
[Site "Konya"]
[Date "2019.07.18"]
[Round "2"]
[White "Ozen, Deniz"]
[Black "Tasdogen, Dincer"]
[Result "1/2-1/2"]
[WhiteElo "2430"]
[BlackElo "2310"]
[Annotator "NA"]
[PlyCount "60"]
[EventDate "2019.07.17"]
[EventType "team-tourn"]
[EventCountry "TUR"]
[SourceTitle "playchess.com"]
[Source "ChessBase"]
[SourceQuality "1"]
[TimeControl "40/5400+30:1800+30"]

1. e4 {[%emt 0:00:30]} c5 {[%emt 0:00:30]} 2. Nf3 {[%emt 0:00:30]} g6 {[%emt 0:00:30]} 3. c3 {[%emt 0:00:30]} Bg7 {[%emt 0:00:30]} 4. d4 {[%emt 0:00:30]} cxd4 {[%emt 0:00:30]} 5. cxd4 {[%emt 0:00:00]} d5 {[%emt 0:00:00]} 6. exd5 {[%emt 0:00:00]} Nf6 {[%emt 0:00:00]} 7. Bb5+ {[%emt 0:00:30]} Nbd7 {[%emt 0:00:30]} 8. d6 {[%emt 0:01:30]} exd6 {[%emt 0:00:30]} 9. Qe2+ {[%emt 0:00:30]} Qe7 {[%emt 0:00:30]} 10. Qxe7+ {[%emt 0:00:30]} Kxe7 {[%emt 0:00:00]} 11. O-O {[%emt 0:00:30]} Rd8 {[%emt 0:02:00]} 12. Nc3 {[%emt 0:07:30]} Nb6 {[%emt 0:06:30]} 13. h3 {[%emt 0:01:30]} a6 {[%emt 0:04:30]} 14. Bd3 {[%emt 0:03:30]} Bd7 $11 {[%emt 0:06:30]} 15. Re1+ {[%emt 0:09:30]} Kf8 {[%emt 0:00:00]} 16. Ne4 {[%emt 0:13:30]} Bc6 {[%emt 0:17:00]} 17. Nxf6 {[%emt 0:14:30]} Bxf6 {[%emt 0:00:30]} 18. Bh6+ {[%emt 0:00:00]} Bg7 {[%emt 0:04:30]} 19. Bxg7+ {[%emt 0:02:00]} Kxg7 {[%emt 0:00:30]} 20. Nd2 {[%emt 0:09:30]} Nd5 {[%emt 0:05:30]} 21. Be4 {[%emt 0:03:30]} Rac8 {[%emt 0:08:30]} 22. Nc4 {[%emt 0:06:30]} Nf6 {[%emt 0:05:30]} 23. Bxc6 {[%emt 0:02:30]} Rxc6 {[%emt 0:00:30]} 24. Ne3 {[%emt 0:01:30]} Rdc8 {[%emt 0:00:30]} 25. Rad1 {[%emt 0:00:30]} h5 {[%emt 0:00:30]} 26. Kf1 {[%emt 0:00:00]} Kf8 {[%emt 0:00:30]} 27. Ke2 {[%emt 0:00:00]} Ke7 {[%emt 0:00:30]} 28. Kd3 {[%emt 0:00:30]} Kd7 {[%emt 0:00:00]} 29. f3 {[%emt 0:00:30]} b5 {[%emt 0:01:00]} 30. h4 {[%emt 0:00:00]} R6c7 {[%emt 0:00:00]} 1/2-1/2

[Event "Turkish Super League 2019"]
[Site "Konya"]
[Date "2019.07.18"]
[Round "2"]
[White "Mammadzada, Gunay"]
[Black "Ozturk, Kubra"]
[Result "1/2-1/2"]
[WhiteElo "2427"]
[BlackElo "2317"]
[Annotator "TA"]
[PlyCount "100"]
[EventDate "2019.07.17"]
[EventType "team-tourn"]
[EventCountry "TUR"]
[SourceTitle "playchess.com"]
[Source "ChessBase"]
[SourceQuality "1"]

{[%evp 22,100,25,1,5,0,0,10,41,44,77,73,77,60,70,70,81,-2,3,0,-13,-5,31,0,33,-30,2,0,83,49,111,17,57,-51,57,34,57,26,62,43,238,241,187,41,35,27,99,0,0,0,0,-18,-22,-148,-159,-217,-209,-199,-172,-147,-168,-162,-115,-112,-110,-107,-104,-104,-104,-284,-284,-284,-275,-275,-258,-152,0,0,0,0,0]} 1. e4 e5 2. Nf3 Nc6 3. Bb5 a6 4. Ba4 Nf6 5. O-O Be7 6. Re1 b5 7. Bb3 d6 8. c3 O-O 9. h3 Nb8 10. d4 Nbd7 11. c4 c6 12. Nc3 b4 {C95: Closed Ruy Lopez: Breyer Variation with 10 d4} 13. Na4 c5 14. d5 Ne8 15. Bc2 g6 16. Bh6 Ng7 17. Qd2 (17. b3 f5 18. exf5 gxf5 19. Qd2 e4 20. Ng5 {0-1 (32) Alekseenko,K (2644)-Hammer,J (2650) chess.com INT 2019}) 17... Kh8 18. b3 $146 ({Predecessor:} 18. a3 a5 19. b3 Nf6 20. Red1 {1-0 (56) Szabo,M (2254)-Barbu,I (2140) LSS email 2014}) 18... Nf6 19. Nh2 (19. Rad1 $16) 19... Ng8 $11 20. Be3 f5 {White must now prevent ...f4.} 21. f4 {Hoping for fxe5.} exf4 22. Bxf4 {aiming for e5.} fxe4 23. Bxe4 (23. g4 $1 $14) 23... Bf6 24. Rad1 Nf5 (24... Bd7 $11) 25. Nf3 $36 {[%mdl 2048] White has good play.} Ra7 (25... Nd4 $14) 26. Bg5 (26. Bxf5 $1 $16 Bxf5 27. Ng5) 26... Re7 27. Bb1 (27. Bxf5 $14 Rxe1+ 28. Qxe1 (28. Rxe1 Bxf5 29. Bf4 Bg7 $14) 28... Bxf5 29. Qg3) 27... Bd7 ({Better is} 27... Bxg5 $1 $15 28. Nxg5 Nd4) 28. Bxf6+ Nxf6 29. Rxe7 (29. Bxf5 $5 gxf5 30. Rxe7 Qxe7 31. Nb6 $11) 29... Qxe7 30. Nb6 Be8 $2 (30... Ng7 $14) 31. Re1 $1 $18 {[%cal Re1e7]} Qc7 32. Na4 (32. Bxf5 $1 $18 gxf5 33. Qh6) 32... Bxa4 $14 33. bxa4 Qd7 (33... Ng7 $11) 34. g4 ({White should play} 34. Bxf5 $1 $16 gxf5 35. Qf4) 34... Ng7 $11 35. Qf4 Kg8 36. Rf1 Qe7 {Strongly threatening ...Nxd5!} ({Avoid the trap} 36... Nxd5 $2 37. Qxf8+ $1 {[%mdl 512]} Kxf8 38. Ne5+ Ke8 39. Nxd7 $18) 37. Ng5 (37. Re1 $1 $11 {remains equal.} Qd8 38. Qg5) 37... Nd7 $17 38. Qc1 Rxf1+ 39. Kxf1 Qf6+ 40. Kg2 Ne5 41. Be4 a5 42. Nf3 Nxf3 43. Bxf3 Qe5 44. h4 Ne8 45. g5 $2 (45. Qf1 $17 {was worth a try.}) 45... Ng7 $1 $19 46. Bg4 Qe4+ 47. Kg3 {[#]} Qd3+ $1 48. Kg2 {[#]} Qe4+ $2 ({Black should try} 48... Qd4 $1 $17 {[%cal Rd4g4]} 49. Kf3 Qd3+ 50. Kg2 Nf5 51. Bxf5 Qxf5) 49. Kg3 $1 $11 Qd3+ 50. Kg2 $1 Qe4+ {Accuracy: White = 33%, Black = 43%.} 1/2-1/2

[Event "Turkish Super League 2019"]
[Site "Konya"]
[Date "2019.07.18"]
[Round "2"]
[White "Gadimbayli, Abdulla"]
[Black "Visakh N R"]
[Result "1/2-1/2"]
[WhiteElo "2414"]
[BlackElo "2526"]
[Annotator "ChessBase"]
[PlyCount "78"]
[EventDate "2019.07.17"]
[EventType "team-tourn"]
[EventCountry "TUR"]
[SourceTitle "playchess.com"]
[Source "ChessBase"]
[SourceQuality "1"]
[TimeControl "40/5400+30:1800+30"]

1. e4 {[%emt 0:00:30]} e5 {[%emt 0:00:30]} 2. Nf3 {[%emt 0:00:00]} Nf6 {[%emt 0:00:00]} 3. d4 {[%emt 0:00:00]} Nxe4 {[%emt 0:00:00]} 4. Bd3 {[%emt 0:00:30]} Nc6 {[%emt 0:00:30]} 5. dxe5 {[%emt 0:22:30]} d5 {[%emt 0:04:30]} 6. exd6 {[%emt 0:02:30]} Nxd6 {[%emt 0:00:30]} 7. O-O {[%emt 0:00:30]} Be7 {[%emt 0:00:30]} 8. c3 {[%emt 0:00:30]} h6 {[%emt 0:08:30]} 9. Qc2 {[%emt 0:04:30]} O-O {[%emt 0:07:30]} 10. h3 {[%emt 0:06:30]} Be6 {[%emt 0:02:30]} 11. Bf4 {[%emt 0:03:30]} Qd7 {[%emt 0:07:30]} 12. Nbd2 {[%emt 0:04:30]} f5 {[%emt 0:02:30]} 13. Nb3 {[%emt 0:04:30]} Bd5 {[%emt 0:00:30]} 14. Nbd4 {[%emt 0:10:30]} Nxd4 {[%emt 0:17:30]} 15. Nxd4 {[%emt 0:00:30]} c5 {[%emt 0:00:30]} 16. Bxd6 {[%emt 0:02:30]} cxd4 {[%emt 0:00:30]} 17. Bxe7 {[%emt 0:00:30]} Qxe7 {[%emt 0:00:00]} 18. Bxf5 {[%emt 0:02:30]} dxc3 {[%emt 0:00:00]} 19. bxc3 {[%emt 0:00:30]} Rae8 {[%emt 0:00:30]} 20. Rad1 {[%emt 0:09:30]} Bc6 {[%emt 0:08:30]} 21. Bg6 {[%emt 0:01:30]} Qg5 {[%emt 0:04:30]} 22. f4 {[%emt 0:00:30]} Qc5+ {[%emt 0:00:30]} 23. Qf2 {[%emt 0:00:30]} Qxf2+ {[%emt 0:00:30]} 24. Rxf2 {[%emt 0:00:30]} Re3 {[%emt 0:00:30]} 25. c4 {[%emt 0:03:14]} Be8 {[%emt 0:04:30]} 26. Bc2 {[%emt 0:04:02]} Kf7 {[%emt 0:03:30]} 27. Rd4 {[%emt 0:03:57]} Bc6 {[%emt 0:01:30]} 28. c5 {[%emt 0:00:47]} Ke7 {[%emt 0:01:30]} 29. Ba4 {[%emt 0:01:26]} Rd8 {[%emt 0:01:30]} 30. Rxd8 {[%emt 0:05:20]} Kxd8 {[%emt 0:00:00]} 31. Bxc6 {[%emt 0:00:08]} bxc6 {[%emt 0:00:00]} 32. f5 {[%emt 0:00:00]} Ke7 {[%emt 0:00:30]} 33. Rb2 {[%emt 0:00:00]} Kf6 {[%emt 0:00:30]} 34. Rd2 {[%emt 0:01:33]} Ra3 {[%emt 0:04:59]} 35. Rd6+ {[%emt 0:00:05]} Kxf5 {[%emt 0:00:16]} 36. Rxc6 {[%emt 0:00:30]} Rxa2 {[%emt 0:00:15]} 37. Rc7 {[%emt 0:00:14]} Kf6 {[%emt 0:01:41]} 38. c6 {[%emt 0:00:12]} Rc2 {[%emt 0:00:34]} 39. Rxa7 {[%emt 0:00:05]} Rxc6 {[%emt 0:00:00]} 1/2-1/2

[Event "Turkish Super League 2019"]
[Site "Konya"]
[Date "2019.07.18"]
[Round "2"]
[White "Ertan, Can"]
[Black "Yilmaz, Mustafa"]
[Result "0-1"]
[WhiteElo "2396"]
[BlackElo "2618"]
[Annotator "TA"]
[PlyCount "88"]
[EventDate "2019.07.17"]
[EventType "team-tourn"]
[EventCountry "TUR"]
[SourceTitle "playchess.com"]
[Source "ChessBase"]
[SourceQuality "1"]

{[%evp 12,88,18,25,59,47,43,28,51,31,33,37,39,26,41,4,32,39,77,27,48,23,47,45,62,22,49,37,52,9,7,0,1,-16,0,0,0,0,10,-3,18,28,33,-33,-49,-110,-94,-101,-111,-110,-109,-85,-97,-127,-90,-101,-94,-90,-79,-79,-97,-92,-79,-127,-128,-201,-194,-215,-170,-202,-176,-235,-230,-317,-308,-271,-221,-463,-447]} 1. e4 c5 2. Nf3 d6 3. d4 cxd4 4. Nxd4 Nf6 5. Nc3 a6 6. h3 e6 7. g4 Be7 {B81: Sicilian Scheveningen: Keres Attack} (7... h6 8. Bg2 Be7 9. Be3 Nc6 10. f4 Nd7 11. O-O Nxd4 12. Qxd4 O-O 13. Qd2 Rb8 14. Ne2 b5 15. Rad1 Bb7 16. e5 Bxg2 17. Kxg2 {0-1 (59) Ponomariov,R (2682)-Wang,H (2795) Hengshui 2019}) 8. g5 Nfd7 9. h4 b5 {White has an edge.} 10. a3 Bb7 11. Be3 Nc6 12. Qd2 Rc8 13. f4 {[#]} Nc5 $146 ({Predecessor:} 13... b4 14. axb4 Nxb4 15. Bg2 {1-0 (74) Quparadze,G (2481)-Artemiev,V (2653) Doha 2016}) 14. Bg2 O-O 15. O-O Re8 16. Rad1 Bf8 17. Qf2 Qc7 18. Nde2 b4 19. axb4 Nxb4 20. Ng3 d5 21. e5 Nd7 22. Kh2 Rb8 23. Rd2 Ba8 24. Na4 Rec8 {[%cal Rb4c2]} 25. Bh3 g6 26. h5 Nc6 27. Rfd1 (27. Ne2 $14) 27... Rb4 $36 {[%mdl 2048] Black has some pressure.} 28. b3 {[#]} (28. Nc3 $15) 28... d4 $1 $17 {[%cal Rd4e3][%mdl 512]} 29. Bxd4 Nxd4 {[%mdl 64] Discovered Attack} 30. Rxd4 Qxc2 31. Qxc2 Rxc2+ 32. R4d2 Rxd2+ 33. Rxd2 Bc6 34. Bg2 Bxa4 35. bxa4 Nc5 36. Ne2 gxh5 37. a5 h6 38. Bf3 (38. Rd4 $17 Rxd4 39. Nxd4) 38... hxg5 $19 {Threatens to win with ...g4.} 39. fxg5 Be7 40. Rd1 Bxg5 41. Rg1 (41. Kg2 $142) 41... Rh4+ 42. Kg3 {intending Kf2.} Nd3 43. Bb7 Rg4+ 44. Kh3 $2 {[#]} (44. Kh2 {was necessary.}) 44... Nf4+ {Accuracy: White = 51%, Black = 59%.} 0-1